000 00965nam a2200301 i 4500
003 EG-GICUC
005 20260121101215.0
008 251112s1958 -uk f |||| 000 0 eng d
040 _aEG-GiCUC
_beng
_cEG-GiCUC
_dEG-GiCUC
_erda
041 0 _aeng
082 0 4 _221
_a338.9
_bMA . E
092 0 4 _221
099 _aLaw1 13 338.9 MA . E 1958
100 1 _aMason , Edward S.
_eAuthor.
245 1 0 _aEconomic Planning In Underdeveloped Areas :
_bGovernment And Business /
_cEdward S. Mason.
264 3 _a New York :
_bFordham University Press,
_c1958.
300 _a87 pages ;
_c24 cm.
336 _2rda content
_atext
337 _2rda media
_aComputer
338 _2rda carrier
_aOnline Resource
490 _aThe Millar Lectures
_v Number Two 1958
504 _aI
546 _aText in English
650 1 4 _aPublic finance and tax legislation
856 4 0 _uhttps://fll.law.cu.edu.eg/fulltext/bks/B13-07481.pdf
905 _a48
942 _2ddc
_cBK
_e21
_n0
999 _c42921
_d42921